IFM Opac

LARGE GROUPS (Record no. 13720)

MARC details
000 -LEADER
fixed length control field 00265nam a22001217a 4500
082 ## - DEWEY DECIMAL CLASSIFICATION NUMBER
Classification number 371.3 POW
100 ## - MAIN ENTRY--PERSONAL NAME
Personal name POWELL L.S.
245 ## - TITLE STATEMENT
Title LARGE GROUPS
260 ## - PUBLICATION, DISTRIBUTION, ETC.
Place of publication, distribution, etc. LONDON
Name of publisher, distributor, etc. BRITSH
Date of publication, distribution, etc. 1965
300 ## - PHYSICAL DESCRIPTION
Extent 11P.
Other physical details 20CM.
650 ## - SUBJECT ADDED ENTRY--TOPICAL TERM
Topical term or geographic name entry element LECTURING TO LARGE GROUPS
942 ## - ADDED ENTRY ELEMENTS (KOHA)
Koha item type Books
Holdings
Withdrawn status Lost status Damaged status Not for loan Home library Current library Shelving location Date acquired Total Checkouts Full call number Barcode Date last seen Price effective from Koha item type
Withdrawn       IFM Main Campus Library IFM Main Campus Library Archival Collection 11/09/2015   371.3 POW 00000010192 11/09/2015 02/19/2022 Books